000 00590nam a2200217 a 4500
001 38627
003 BD-RjUL
005 20211209052830.0
008 160127s1954 pk a|||| |||| 00| 0 urd d
035 _a(BD-RjUL)38735
040 _aBD-RjUL
_burd
_cBD-RjUL
041 _aurd
082 _222
_a891.43
_bHAA 1961
100 _aSabjwari,Shawkat
_9119218
245 _aAfkār-i Ghālib /
_cKhalifa Abdul Hakim
260 _aLāhaur :
_bMaktab-i Muʻinuladab,
_c1954.
300 _a535 p. ;
_c24 cm.
504 _aincludes index
650 _aUrdu Literature
_9119111
942 _2ddc
_cBK
_02
999 _c38627
_d38627